• 首页
  • 本馆介绍
  • 公告通知
  • 最新文献
  • 馆藏检索
  • 电子资源
  • 读者导购
  • 参考咨询
  • 我的图书馆
  • 登录
  • 详细信息显示
  • 放入我的书架
  • 预约/预借图书
  • 作者相关作品
  • 分类相关作品
  • 丛书相关作品
  • 出版社相关作品

书目信息

  • 表格格式
  • 工作单格式
  • 卡片格式
题名:
日本近现代史
    
 
作者: 远山茂树 著 ;邹有恒 译
分册: 第二卷  
出版信息: 北京   商务印书馆  1983
页数: 244页
开本: 21cm
丛书名:
单 册:
中图分类: K313.4
科图分类:
主题词: 现代史-日本 , 近代史-日本
电子资源:
ISBN:
000 00782nam0 2200289 45
001 0183004111
005 20040513082018.3
010    @dCNY1.00
091    @a11017.616
100    @a19950726d1983 em y0chiy0121 ea
101 1  @achi@cjpn
102    @aCN@b110000
105    @ay z 000yy
106    @ar
200 10 @a日本近现代史@h第二卷@Ari ben jin xian dai shi@f(日)远山茂树著@g邹有恒译
210    @a北京@c商务印书馆@d1983
215    @a244页@d21cm
606    @a现代史-日本
606    @a近代史-日本
607    @a日本-现代史
607    @a日本-近代史
690    @aK313.4@v3
701  0 @a远山茂树@Ayuan shan mao shu@4著
702  0 @a邹有恒@Azou you heng@4译
801  0 @aCN@b上海图书馆@c20040301
801  2 @aCN@bNLC@c20040301
905    @dK313.4@e10:2@f4@b112250-253
    
    日本近现代史.第二卷/(日)远山茂树著/邹有恒译.-北京:商务印书馆,1983
    244页;21cm
    
    
    ISBN :CNY1.00
    
●
相关链接 在E读中查询图书 在五车中查询图书 在当当中查询图书 在豆瓣中查询图书


正题名:日本近现代史     索取号:K313.4/10:2         预约/预借

序号 登录号 条形码 馆藏地/架位号 状态 备注
1 0112250   000358785   第二借阅区/ [索取号:K313.4/10:2] 在馆    
2 0112251   000358776   第二样本阅览室/ [索取号:K313.4/10:2] 在馆    
3 0112252   000358810   密集书库/ [索取号:K313.4/10:2] 在馆    
4 0112253   000454822   密集书库/ [索取号:K313.4/10:2] 在馆    
5 0112254   001890886   密集书库/ [索取号:K313.4/10:2] 在馆    
唐山师范学院图书馆 欢迎您!
大连网信软件有限公司© 版权所有